Puerto Rico y su programa de administración pública: actas de la Conferencia sobre Administración Pública

Guardat en:
Dades bibliogràfiques
Autor corporatiu: Universidad de Puerto Rico y Comisión de Servicio Civil (Autor)
Format: Llibre
Idioma:anglès
espanyol
Publicat: San Juan Universidad de Puerto Rico 1947
Matèries:
Etiquetes: Afegir etiqueta
Sense etiquetes, Sigues el primer a etiquetar aquest registre!

MARC

LEADER 00000nam a2200000 a 4500
001 UCS0417
003 CL-VaPUC
008 970426e19470000PR |||||||||||||||||eng|d
041 0 7 |a eng  |2 CL-VaPUC 
041 0 7 |a spa  |2 CL-VaPUC 
082 0 4 |a 342.06  |b UNI  |2 21 
110 2 |a Universidad de Puerto Rico y Comisión de Servicio Civil  |e author  |9 383878 
245 1 0 |a Puerto Rico y su programa de administración pública: actas de la Conferencia sobre Administración Pública 
300 |a 301 p 
942 |c BK 
945 |d 19970426 00:00:00  |a cmena 
260 |a San Juan  |b Universidad de Puerto Rico  |c 1947 
650 0 |a Administración pública   |9 255343 
650 0 |a Derecho público   |9 255910 
650 7 |a EMPLEADOS PUBLICOS  |2 CL-VaPUC  |9 256133 
650 0 |a Servicio social  |9 307999 
650 0 |a Contabilidad   |9 261430 
650 0 |a Administración del personal  |9 260442 
651 7 |a PUERTO RICO  |2 CL-VaPUC  |9 254988 
583 |a last modification  |c 19970426 00:00:00  |k Rodrigo Vera 
999 |c 258645  |d 258643 
952 |0 0  |1 0  |4 0  |6 342_060000000000000_UNI_1947  |7 0  |8 A  |9 282895  |a BIBDER  |b BIBDER  |d 2019-11-19  |i 1837141  |o 342.06 UNI 1947  |p 1837141  |r 2023-01-25  |w 2019-11-19  |y BK  |k DER